Statistics for Lego Gaming Franchise

Click here to take the quiz!

General Stats

  • This quiz has been taken 58 times
  • The average score is 21 of 26

Answer Stats

HintGame% Correct
The notorious criminals including the Joker, the Penguin, Catwoman, and Scarecrow have broken out of Arkham Asylum and are set to wreak havoc in Gotham City.Lego Batman: The Videogame
98%
Play through the Star Wars prequel trilogy in Episodes I, II and III in Lego.Lego Star Wars: The Video Game
98%
Experience the first half of Harry Potter's school life in Lego form.Lego Harry Potter: Years 1-4
92%
Journey through the second part of the Lego Harry Potter universe.Lego Harry Potter: Years 5-7
92%
Follows Dr. Jones escapades through the jungles of South America to the mountaintops of India. Fans can build, battle and brawl from Indy's entanglements with snakes to his dashing boulder run.Lego Indiana Jones: The Original Adventures
92%
Relive the adventures of the first two hobbit movies in Lego style.Lego The Hobbit
92%
When chaos strikes on Isla Nublar and Sorna, it's up to you to survive against these dinosaurs. You can play any one of the 4 movies and their characters, such as Alan Grant, Owen Grady, and even as the dinosaurs.Lego Jurassic World
90%
Frodo Baggins, a hobbit from the Shire, must destroy the all powerful ring in the fires of mount doom before Suaron can lay hold upon it and gain control over all of Middle-Earth.Lego the Lord of the Rings: The Video Game
88%
Video game following the story line of The Lego Movie.The Lego Movie Videogame
88%
Game based on The Lego Ninjago Movie.The Lego Ninjago Movie Videogame
86%
Batman joins forces with the super heroes of the DC Comics Universe and travels into space to collect the lantern rings and stop brainiac from shrinking worlds.Lego Batman 3: Beyond Gotham
84%
Follows the storyline of the Marvel Cinematic Universe and the Avengers fighting to protect Earth from their enemies, who are bent on world domination.Lego Marvel's Avengers
84%
Batman and Robin join forces with Superman, Wonder Woman and Green Lantern to save Gotham City from Lex Luthor and The Joker.Lego Batman 2: DC Super Heroes
82%
Spans the stories of the four films (The Curse of the Black Pearl, Dead Man's Chest, At World's End, On Stranger Tides), features over 70 characters from the franchise and various locations.Lego Pirates of the Caribbean: The Video Game
82%
Anakin Skywalker and other Jedi fight their way through the Clone Wars, defeating many evil characters and trying to save the Galaxy from the evil Sith and their minions.Lego Star Wars III: The Clone Wars
82%
When the Silver Surfer and his surfboard are knocked out of the sky, shattering the board into bricks that are scattered throughout the Marvel Universe, Nick Fury calls in the heroes of the Marvel Universe to retrieve the "cosmic bricks", before villains, like Loki or Magneto, can take them.Lego Marvel Super Heroes
78%
Play as your favorite LEGO characters as Emmet and Wyldstyle have to go on an all-new space adventure.The Lego Movie 2 Videogame
76%
Collect Gold Bricks while successfully progressing through the entire story, from the Trade Federation negotiations above Naboo in Star Wars Episode I, to the attack on the second Death Star above Endor in Return of the Jedi.Lego Star Wars: The Complete Saga
73%
Players take control of their favorite Incredibles characters in scenes and action sequences from both movies in the franchise.Lego The Incredibles
73%
When a mysterious and powerful vortex appears in various lego worlds, Batman, Gandalf and Wyldstyle bravely jump into the vortex and travel through space and time to rescue their friends.Lego Dimensions
71%
Play the original trilogy of Star Wars: A New Hope, The Empire Strikes Back, and Return of the Jedi, all in Lego.Lego Star Wars II: The Original Trilogy
69%
Supervillains from the DC Universe start a battle against a group of superheroes from another universe.Lego DC Super-Villains
67%
An interactive Lego game in which you take on many adventures as Indy following the movies in a new way.Lego Indiana Jones 2: The Adventure Continues
67%
Superheroes from different eras and realities of the Marvel Universe fight in lego style against the time-traveling villain Kang the Conqueror in a battle across space and time.Lego Marvel Super Heroes 2
67%
The re-telling of the newest installment in the iconic Star Wars saga told through the witty humor of Lego.Lego Star Wars: The Force Awakens
67%
Go on tour with the Lego Band.Lego Rock Band
61%

Score Distribution

Percentile by Number Answered

Percent of People with Each Score

Your Score History

You have not taken this quiz